Fr. Conceicao Rodrigues College of Engineering

This fabulous century 1900-1910 (Record no. 26181)

MARC details
000 -LEADER
fixed length control field 00370nam a2200169Ia 4500
082 ## - DEWEY DECIMAL CLASSIFICATION NUMBER
Classification number 970.05
Item number Tim
100 ## - MAIN ENTRY--PERSONAL NAME
Personal name Donovan/ H. Ed.
245 ## - TITLE STATEMENT
Title This fabulous century 1900-1910
260 ## - PUBLICATION, DISTRIBUTION, ETC.
Name of publisher, distributor, etc. Time-life books
Place of publication, distribution, etc. New Jersey
Date of publication, distribution, etc. 1974
300 ## - PHYSICAL DESCRIPTION
Extent 288
490 ## - SERIES STATEMENT
Volume/sequential designation 1
546 ## - LANGUAGE NOTE
Language note ENGLISH
650 ## - SUBJECT ADDED ENTRY--TOPICAL TERM
Topical term or geographic name entry element General
654 ## - SUBJECT ADDED ENTRY--FACETED TOPICAL TERMS
Focus term Fabulous century
942 ## - ADDED ENTRY ELEMENTS (KOHA)
Koha item type Reference Book
Holdings
Withdrawn status Lost status Damaged status Not for loan Collection Home library Current library Date acquired Total Checkouts Full call number Barcode Date last seen Price effective from Koha item type
        AFT Fr. Agnel's C.Rodrigues College of Engineering Fr. Agnel's C.Rodrigues College of Engineering 17/03/2023   970.05 Tim AFT2088 17/03/2023 17/03/2023 Reference Book